[Event "Texas-ch"]
[Site "Dallas"]
[Date "2002.05.25"]
[Round "3.1"]
[White "Huddleston, James Douglas"]
[Black "Diesen, Mark C"]
[Result "0-1"]
[WhiteElo "2055"]
[BlackElo "2472"]
[PlyCount "38"]
[EventDate "2002.05.24"]
[EventType "swiss"]
[EventRounds "7"]
[EventCountry "USA"]
[SourceTitle "EXT 2003"]
[Source "ChessBase"]
[SourceDate "2002.11.25"]
[SourceVersion "1"]
[SourceVersionDate "2002.11.25"]
[SourceQuality "1"]

1. e4 c5 2. Nf3 e6 3. d4 cxd4 4. Nxd4 Nc6 5. Nb5 d6 6. c4 Nf6 7. N1c3 a6 8. Na3 d5 9. cxd5 exd5 10. exd5 Nb4 11. Nc4 Nfxd5 12. Nxd5 Nxd5 13. Be2 Be6 14. 0-0 Bc5 15. Bg4 0-0 16. Bxe6 fxe6 17. Qg4 Qf6 18. Qg3 Qd4 19. Ne5 Rxf2 0-1

[Event "ICS Anniversary op"]
[Site "Fics Internet INT"]
[Date "2002.01.15"]
[Round "4"]
[White "L'Ami, Erwin"]
[Black "Diesen, Mark C"]
[Result "1-0"]
[WhiteElo "2353"]
[BlackElo "2416"]
[PlyCount "63"]
[EventDate "2002.01.15"]
[EventType "swiss (blitz)"]
[EventRounds "9"]
[EventCountry "NET"]
[SourceTitle "EXT 2004"]
[Source "ChessBase"]
[SourceDate "2003.11.25"]
[SourceVersion "1"]
[SourceVersionDate "2003.11.25"]
[SourceQuality "1"]

1. e4 c5 2. Nf3 e6 3. c4 Nc6 4. Nc3 Nf6 5. Be2 d5 6. exd5 exd5 7. d4 dxc4 8. d5 Na5 9. Bf4 Bd6 10. Bxd6 Qxd6 11. Qa4+ Bd7 12. Qxa5 0-0 13. 0-0 a6 14. Rad1 b5 15. Rfe1 Rfe8 16. Bf1 Bg4 17. a3 h6 18. Rxe8+ Rxe8 19. Re1 Rxe1 20. Nxe1 Bc8 21. a4 b4 22. Nd1 Nxd5 23. Bxc4 Ne7 24. Nd3 Be6 25. Qxa6 Qd4 26. Bxe6 fxe6 27. Ne3 Kf7 28. Qc4 Nd5 29. Qxd4 cxd4 30. Nxd5 exd5 31. Nxb4 d3 32. Nxd3 1-0

[Event "WCN k.o."]
[Site "Internet USCF"]
[Date "2001.??.??"]
[Round "?"]
[White "Christiansen, Larry Mark"]
[Black "Diesen, Mark C"]
[Result "0-1"]
[WhiteElo "2570"]
[BlackElo "2410"]
[PlyCount "84"]
[EventDate "2001.12.??"]
[EventType "k.o."]
[EventRounds "5"]
[EventCountry "USA"]
[SourceTitle "EXT 2003"]
[Source "ChessBase"]
[SourceDate "2002.11.25"]
[SourceVersion "1"]
[SourceVersionDate "2002.11.25"]
[SourceQuality "1"]

1. e4 c5 2. c3 g6 3. Nf3 Bg7 4. Bc4 e6 5. Qe2 Nc6 6. a3 Nge7 7. d3 0-0 8. 0-0 h6 9. Re1 d5 10. Ba2 b5 11. Be3 d4 12. cxd4 cxd4 13. Bf4 e5 14. Bg3 g5 15. Nbd2 Ng6 16. Rac1 Bd7 17. Rc5 g4 18. Rec1 gxf3 19. Nxf3 Qb6 20. Nh4 Nce7 21. Nxg6 Nxg6 22. Rc7 Rfc8 23. Rxc8+ Rxc8 24. Rxc8+ Bxc8 25. h4 Be6 26. Bxe6 Qxe6 27. Qc2 a6 28. Qc7 Ne7 29. h5 f5 30. Bh4 Bf6 31. Bxf6 Qxf6 32. exf5 Nxf5 33. g3 Qe6 34. Qb7 Ne7 35. b3 Kf7 36. a4 Qxb3 37. Qf3+ Ke6 38. Qg4+ Kd6 39. axb5 axb5 40. Qg7 Qe6 41. f4 exf4 42. Qxd4+ Nd5 0-1

[Event "WCN k.o."]
[Site "Internet USCF"]
[Date "2001.??.??"]
[Round "?"]
[White "Tyomkin, Dimitri"]
[Black "Diesen, Mark C"]
[Result "1-0"]
[WhiteElo "2461"]
[BlackElo "2410"]
[PlyCount "147"]
[EventDate "2001.12.??"]
[EventType "k.o."]
[EventRounds "5"]
[EventCountry "USA"]
[SourceTitle "EXT 2003"]
[Source "ChessBase"]
[SourceDate "2002.11.25"]
[SourceVersion "1"]
[SourceVersionDate "2002.11.25"]
[SourceQuality "1"]

1. d4 d5 2. c4 c6 3. Nc3 Nf6 4. e3 e6 5. Nf3 Nbd7 6. Qc2 Bd6 7. b3 0-0 8. Bb2 e5 9. dxe5 Nxe5 10. 0-0-0 Qe7 11. Nxe5 Bxe5 12. cxd5 cxd5 13. Nxd5 Nxd5 14. Rxd5 Bxb2+ 15. Kxb2 Be6 16. Rd4 Rfd8 17. Bd3 Rxd4 18. exd4 Qh4 19. Be4 Bd5 20. Re1 g6 21. g3 Qf6 22. Qd2 Rd8 23. Bxd5 Rxd5 24. Re4 Qf3 25. Rf4 Qh1 26. h4 a5 27. Qc1 Qh3 28. Qc7 Qd7 29. Qxd7 Rxd7 30. Kc3 b5 31. Re4 Rc7+ 32. Kd2 Kf8 33. Re5 Rb7 34. Kd3 f6 35. Re6 Kf7 36. Ra6 a4 37. bxa4 bxa4 38. Rxa4 Rb2 39. Ke3 h5 40. Ra6 g5 41. hxg5 fxg5 42. Rh6 h4 43. gxh4 gxh4 44. Rxh4 Rxa2 45. f4 Ke6 46. Rh6+ Kf5 47. Rh5+ Ke6 48. Re5+ Kf6 49. Ke4 Ra1 50. Rf5+ Ke7 51. Rb5 Re1+ 52. Kf5 Rd1 53. Re5+ Kf7 54. Re4 Rd2 55. Ke5 Ke7 56. d5 Rd1 57. f5 Rd2 58. f6+ Kf7 59. d6 Rd1 60. Rd4 Re1+ 61. Kd5 Kxf6 62. Rf4+ Kg5 63. Rf2 Kg6 64. d7 Rd1+ 65. Ke6 Re1+ 66. Kd6 Rd1+ 67. Ke7 Re1+ 68. Kd8 Kg7 69. Rf4 Rc1 70. Ke7 Re1+ 71. Kd6 Rd1+ 72. Ke6 Kg8 73. Rf5 Re1+ 74. Re5 1-0

[Event "ICC active"]
[Site "ICC INT"]
[Date "2001.??.??"]
[Round "?"]
[White "Wallace, John Paul"]
[Black "Diesen, Mark C"]
[Result "0-1"]
[WhiteElo "2366"]
[BlackElo "2410"]
[PlyCount "152"]
[EventDate "2001.??.??"]
[EventType "k.o. (rapid)"]
[EventRounds "4"]
[EventCountry "USA"]
[SourceTitle "EXT 2002"]
[Source "ChessBase"]
[SourceDate "2001.11.25"]
[SourceVersion "1"]
[SourceVersionDate "2001.11.25"]
[SourceQuality "1"]

1. e4 c6 2. d4 d5 3. exd5 cxd5 4. c4 Nf6 5. Nc3 e6 6. Nf3 Be7 7. cxd5 Nxd5 8. Bd3 Nc6 9. 0-0 0-0 10. Re1 Bf6 11. Bc2 Ndb4 12. Be3 Nxc2 13. Qxc2 b6 14. Rad1 Bb7 15. a3 Ne7 16. Ng5 g6 17. Nge4 Bg7 18. Bg5 f6 19. Bf4 Nd5 20. Qd2 Qd7 21. Bh6 Rad8 22. Bxg7 Kxg7 23. Qd3 Ne7 24. Ng3 Nd5 25. Nge2 Qd6 26. Qh3 Rfe8 27. Ne4 Qd7 28. Qh4 Qf7 29. Rd2 Ne7 30. f3 Nf5 31. Qf2 Rd7 32. N4g3 Nxg3 33. hxg3 e5 34. Nc3 Red8 35. Red1 Rxd4 36. Rxd4 Rxd4 37. Rxd4 exd4 38. Qxd4 Qe7 39. Kf2 Kf7 40. Nb5 Ba6 41. Nd6+ Kg7 42. Ne4 Bb7 43. Nc3 h5 44. Ne2 Kf7 45. Nf4 Qc7 46. b4 Qc2+ 47. Kg1 Qc1+ 48. Kh2 Qc7 49. Qd3 f5 50. Qb3+ Ke8 51. Qg8+ Kd7 52. Qxg6 Qe5 53. Qxh5 a5 54. Qf7+ Kc8 55. Qg8+ Kd7 56. Qf7+ Kc6 57. Qc4+ Kd7 58. bxa5 bxa5 59. Nd3 Qh8+ 60. Qh4 Qc3 61. Qh7+ Kc6 62. Qxf5 Kb6 63. Qe6+ Ka7 64. Qe3+ Ka8 65. Qe8+ Ka7 66. Ne5 Qxa3 67. Nd7 Qd6 68. Qe3+ Ka8 69. Nb6+ Kb8 70. Nc4 Qc7 71. Qf4 a4 72. Kh3 Bd5 73. Nb6 Qxf4 74. gxf4 a3 75. Nd7+ Kc7 76. Nc5 a2 0-1

[Event "WCN k.o."]
[Site "Internet USCF"]
[Date "2001.??.??"]
[Round "?"]
[White "Wallace, John Paul"]
[Black "Diesen, Mark C"]
[Result "1-0"]
[WhiteElo "2370"]
[BlackElo "2410"]
[PlyCount "77"]
[EventDate "2001.12.??"]
[EventType "k.o."]
[EventRounds "5"]
[EventCountry "USA"]
[SourceTitle "EXT 2003"]
[Source "ChessBase"]
[SourceDate "2002.11.25"]
[SourceVersion "1"]
[SourceVersionDate "2002.11.25"]
[SourceQuality "1"]

1. d4 d5 2. c4 dxc4 3. Nf3 Nf6 4. e3 Bg4 5. Bxc4 e6 6. h3 Bh5 7. Nc3 Nbd7 8. g4 Bg6 9. g5 Ne4 10. h4 h6 11. Rg1 Bb4 12. Bd2 Bxc3 13. Bxc3 Qe7 14. Nd2 hxg5 15. Nxe4 Bxe4 16. hxg5 0-0-0 17. Qb3 Rh5 18. Qb4 c5 19. dxc5 Rxg5 20. Rxg5 Qxg5 21. 0-0-0 Nxc5 22. Bd4 b6 23. a4 Rxd4 24. Rxd4 Qg1+ 25. Rd1 Qxf2 26. Qc3 a5 27. Ba6+ Kb8 28. Bc4 Nxa4 29. Qe5+ Ka7 30. Rd7+ Bb7 31. Qc7 Qxb2+ 32. Kd1 Nc3+ 33. Ke1 Qg2 34. Bf1 Qf3 35. Qxc3 g5 36. Be2 Qh1+ 37. Kd2 f5 38. Qc7 g4 39. Rd8 1-0

[Event "USChesslive.org"]
[Site "USChesslive INT"]
[Date "2000.10.08"]
[Round "1"]
[White "Diesen, Mark C"]
[Black "Atalik, Suat"]
[Result "0-1"]
[WhiteElo "2410"]
[BlackElo "2549"]
[PlyCount "114"]
[EventDate "2000.10.??"]
[EventType "game"]
[EventRounds "1"]
[EventCountry "USA"]
[SourceTitle "CBM 079"]
[Source "ChessBase"]
[SourceDate "2000.11.21"]
[SourceVersion "1"]
[SourceVersionDate "2000.11.21"]
[SourceQuality "1"]

1. d4 Nf6 2. c4 g6 3. Nc3 d5 4. cxd5 Nxd5 5. e4 Nxc3 6. bxc3 Bg7 7. Bc4 0-0 8. Ne2 Qd7 9. f3 c5 10. 0-0 Nc6 11. Be3 Na5 12. Bd3 cxd4 13. cxd4 b6 14. Rc1 e6 15. f4 Bb7 16. f5 exf5 17. exf5 Rfe8 18. Qd2 Rad8 19. Kh1 Rc8 20. Bh6 Qd5 21. Rf2 Rxc1+ 22. Qxc1 Bxd4 23. Nxd4 Qxd4 24. Qf1 Bd5 25. fxg6 hxg6 26. Bg5 Bc4 27. Bxc4 Qxc4 28. Qa1 Qd4 29. Qf1 Qe5 30. h4 f5 31. Qa6 Qd4 32. Rf3 Nc6 33. Qb7 Ne5 34. Rf1 Qd7 35. Qxd7 Nxd7 36. Rd1 Nc5 37. Rd6 Kf7 38. Rf6+ Kg7 39. Rc6 Ne6 40. Kh2 Kf7 41. Bc1 Re7 42. Bb2 Rd7 43. Bc3 Rc7 44. Rxc7+ Nxc7 45. Kh3 Nd5 46. Bd2 Nf6 47. Be3 Ke6 48. Kg3 Ke5 49. Bf4+ Ke4 50. Bb8 a6 51. Bc7 b5 52. Ba5 Nd5 53. Bd2 Ne3 54. Kh3 Kd3 55. Bc1 f4 56. g4 f3 57. Kg3 Ke2 0-1

[Event "WchT U26 02 fin-A"]
[Site "Mexico City"]
[Date "1980.08.31"]
[Round "7"]
[White "Diesen, Mark C"]
[Black "Zapata, Alonso"]
[Result "0-1"]
[WhiteElo "2435"]
[BlackElo "1900"]
[PlyCount "82"]
[EventDate "1980.08.17"]
[EventType "team-tourn"]
[EventRounds "9"]
[EventCountry "MEX"]
[SourceTitle "MCD"]
[Source "ChessBase"]
[SourceDate "1999.07.01"]
[SourceVersion "1"]
[SourceVersionDate "1999.07.01"]
[SourceQuality "1"]
[WhiteTeam "United States"]
[BlackTeam "Columbia"]
[WhiteTeamCountry "USA"]
[BlackTeamCountry "COL"]

1. c4 Nf6 2. Nc3 g6 3. d4 Bg7 4. Nf3 0-0 5. g3 d6 6. Bg2 Nc6 7. 0-0 a6 8. Qc2 Rb8 9. Rd1 Bd7 10. b3 b5 11. cxb5 axb5 12. Bb2 Nb4 13. Qb1 c6 14. e4 Qb6 15. Rd2 Rfd8 16. h3 c5 17. dxc5 Qxc5 18. Qd1 Nc6 19. Rc1 Qa7 20. Re2 e6 21. Qxd6 Be8 22. Qf4 Nh5 23. Qg5 Nb4 24. e5 Nd3 25. Rd1 f6 26. Qg4 b4 27. Red2 bxc3 28. Bxc3 f5 29. Qh4 Nxf2 30. Rxd8 Nxd1+ 31. Bd4 Qc7 32. Rxb8 Qxb8 33. Qg5 f4 34. gxf4 h6 35. Qg4 Qc8 36. Bf1 Qc1 37. Qxe6+ Bf7 38. Qd7 Ne3 39. Qb5 Nxf4 40. Kf2 Nxf1 41. Qxf1 Qc2+ 0-1

[Event "WchT U26 02 fin-A"]
[Site "Mexico City"]
[Date "1980.08.24"]
[Round "1"]
[White "Mestel, A Jonathan"]
[Black "Diesen, Mark C"]
[Result "1-0"]
[WhiteElo "2450"]
[BlackElo "2435"]
[PlyCount "79"]
[EventDate "1980.08.17"]
[EventType "team-tourn"]
[EventRounds "9"]
[EventCountry "MEX"]
[SourceTitle "MCD"]
[Source "ChessBase"]
[SourceDate "1999.07.01"]
[SourceVersion "1"]
[SourceVersionDate "1999.07.01"]
[SourceQuality "1"]
[WhiteTeam "England"]
[BlackTeam "United States"]
[WhiteTeamCountry "ENG"]
[BlackTeamCountry "USA"]

1. e4 c5 2. Nf3 d6 3. d4 cxd4 4. Nxd4 Nf6 5. Nc3 a6 6. Be2 e5 7. Nb3 Be7 8. 0-0 0-0 9. Kh1 Be6 10. f4 Qc7 11. a4 Nbd7 12. a5 Rfc8 13. Be3 Bg4 14. Nd2 Bxe2 15. Qxe2 Qc6 16. Qd3 exf4 17. Bxf4 Nc5 18. Qf3 Ne6 19. Nd5 Bd8 20. c4 Nxf4 21. Qxf4 Qd7 22. Ne3 Rc5 23. Nf5 Re5 24. Ra3 Ne8 25. Rg3 Bf6 26. b4 Rc8 27. Qg4 Qe6 28. Qf3 Rc7 29. Qd3 g6 30. Ne3 Rh5 31. Nd5 Be5 32. Nxc7 Nxc7 33. Rh3 Rxh3 34. gxh3 Qe7 35. Nf3 Bf4 36. Nd4 Qe5 37. Qf3 g5 38. Ne2 Ne6 39. h4 Bxh2 40. Qg2 1-0

[Event "USA-ch+"]
[Site "Greenville"]
[Date "1980.06.12"]
[Round "2"]
[White "Evans, Larry Melvyn"]
[Black "Diesen, Mark C"]
[Result "1/2-1/2"]
[WhiteElo "2520"]
[BlackElo "2435"]
[PlyCount "24"]
[EventDate "1980.06.11"]
[EventType "tourn"]
[EventRounds "13"]
[EventCountry "USA"]
[SourceTitle "MCD"]
[Source "ChessBase"]
[SourceDate "1999.07.01"]
[SourceVersion "1"]
[SourceVersionDate "1999.07.01"]
[SourceQuality "1"]

1. c4 Nf6 2. Nc3 c5 3. g3 d5 4. cxd5 Nxd5 5. Bg2 Nc7 6. d3 e5 7. Nf3 Nc6 8. 0-0 Be7 9. a3 0-0 10. Bd2 Be6 11. Rc1 f6 12. Ne4 Na6 1/2-1/2

[Event "US Open-80"]
[Site "Chicago"]
[Date "1979.08.07"]
[Round "9"]
[White "Diesen, Mark C"]
[Black "La Rota, Fabio"]
[Result "1-0"]
[WhiteElo "2487"]
[BlackElo "2310"]
[PlyCount "75"]
[EventDate "1979.07.29"]
[EventType "swiss"]
[EventRounds "12"]
[EventCountry "USA"]
[SourceTitle "EXT 2023"]
[Source "ChessBase"]
[SourceDate "2022.10.05"]
[SourceVersion "1"]
[SourceVersionDate "2022.10.05"]
[SourceQuality "1"]

1. Nf3 e6 2. c4 d5 3. d4 Nf6 4. g3 Bb4+ 5. Bd2 Bxd2+ 6. Nbxd2 0-0 7. Qc2 c6 8. Bg2 Nbd7 9. 0-0 Re8 10. Rfe1 b6 11. b4 Bb7 12. e4 dxe4 13. Nxe4 Nxe4 14. Qxe4 Qe7 15. a3 a5 16. c5 axb4 17. axb4 Nf6 18. Qc2 b5 19. Nd2 Qf8 20. Nb3 Rxa1 21. Rxa1 Ra8 22. Rxa8 Qxa8 23. Na5 Qc8 24. Qe2 Ba8 25. Qe5 Nd5 26. Bxd5 exd5 27. h4 h6 28. h5 Kh7 29. Qe7 Qe6 30. Qxe6 fxe6 31. Kg2 g5 32. Kf3 Kg7 33. Kg4 Kf6 34. f4 gxf4 35. Kxf4 Kf7 36. Ke5 Ke7 37. g4 Kf7 38. Kd6 1-0

[Event "Lone Pine op Louis D. Statham Masters"]
[Site "Lone Pine"]
[Date "1979.04.04"]
[Round "9"]
[White "Shamkovich, Leonid Alexandrovic"]
[Black "Diesen, Mark C"]
[Result "1/2-1/2"]
[WhiteElo "2495"]
[BlackElo "2460"]
[PlyCount "110"]
[EventDate "1979.03.25"]
[EventType "swiss"]
[EventRounds "9"]
[EventCountry "USA"]
[SourceTitle "EXT 2018"]
[Source "ChessBase"]
[SourceDate "2017.10.13"]
[SourceVersion "1"]
[SourceVersionDate "2017.10.13"]
[SourceQuality "1"]

1. e4 c5 2. Nf3 d6 3. Nc3 Nf6 4. d4 cxd4 5. Nxd4 e6 6. Be2 Be7 7. 0-0 0-0 8. f4 a6 9. Be3 Qc7 10. g4 Nfd7 11. g5 Re8 12. a4 Nc6 13. Rf2 Bf8 14. Qf1 Nb4 15. Qh3 e5 16. fxe5 dxe5 17. Nf5 Nb6 18. Raf1 Be6 19. Qg3 Kh8 20. Nd4 Bc4 21. Bxc4 Qxc4 22. Nb3 Nc8 23. Rxf7 Nd6 24. Na5 Qe6 25. R7f2 Rac8 26. Qf3 Be7 27. Qd1 Kg8 28. Rg2 Bd8 29. Nb3 Nc4 30. Bc1 Bb6+ 31. Kh1 Rf8 32. Rg3 Rxf1+ 33. Qxf1 Nxc2 34. Nd5 Nd4 35. Nd2 Nxd2 36. Bxd2 Rc2 37. Rc3 Rxc3 38. bxc3 Nb3 39. Be1 Ba7 40. Qc4 Nc5 41. Bf2 Qf7 42. Ne7+ Kf8 43. Qxf7+ Kxf7 44. Nc8 Nxa4 45. Bxa7 Nxc3 46. Nd6+ Ke6 47. Bc5 a5 48. Nxb7 Nxe4 49. Bf8 a4 50. Kg2 g6 51. h4 Kf5 52. Nd6+ Nxd6 53. Bxd6 Kg4 54. Bxe5 Kxh4 55. Bf6 Kh5 1/2-1/2

[Event "Lone Pine op Louis D. Statham Masters"]
[Site "Lone Pine"]
[Date "1979.04.03"]
[Round "8"]
[White "Kortschnoj, Viktor Lvovich"]
[Black "Diesen, Mark C"]
[Result "1/2-1/2"]
[WhiteElo "2695"]
[BlackElo "2460"]
[PlyCount "71"]
[EventDate "1979.03.25"]
[EventType "swiss"]
[EventRounds "9"]
[EventCountry "USA"]
[SourceTitle "EXT 2018"]
[Source "ChessBase"]
[SourceDate "2017.10.13"]
[SourceVersion "1"]
[SourceVersionDate "2017.10.13"]
[SourceQuality "1"]

1. c4 Nf6 2. Nc3 e6 3. e4 c5 4. e5 Ng8 5. d4 cxd4 6. Qxd4 Nc6 7. Qe4 Bb4 8. Bd2 d6 9. exd6 Nf6 10. Qh4 Bxd6 11. 0-0-0 Bd7 12. Nf3 h6 13. Nb5 Be7 14. Bd3 Nb4 15. Bxb4 Bxb4 16. Bc2 Qb8 17. Qd4 0-0 18. Nd6 Bxd6 19. Qxd6 Qxd6 20. Rxd6 Bc6 21. Ne5 Be4 22. f3 Bxc2 23. Kxc2 Rfd8 24. Rhd1 Rxd6 25. Rxd6 Rc8 26. Kd3 Kf8 27. b4 Ke7 28. Rd4 Rc7 29. h4 g5 30. a3 Nh5 31. hxg5 hxg5 32. Kc3 f6 33. Ng4 b6 34. Ne3 Nf4 35. Rd2 Rd7 36. Rxd7+ 1/2-1/2

[Event "Lone Pine op Louis D. Statham Masters"]
[Site "Lone Pine"]
[Date "1979.04.02"]
[Round "7"]
[White "Diesen, Mark C"]
[Black "Da Cunha, Marcos Paolozzi"]
[Result "1-0"]
[WhiteElo "2460"]
[BlackElo "2375"]
[PlyCount "125"]
[EventDate "1979.03.25"]
[EventType "swiss"]
[EventRounds "9"]
[EventCountry "USA"]
[SourceTitle "EXT 2018"]
[Source "ChessBase"]
[SourceDate "2017.10.13"]
[SourceVersion "1"]
[SourceVersionDate "2017.10.13"]
[SourceQuality "1"]

1. d4 Nf6 2. c4 c5 3. d5 g6 4. Nc3 d6 5. e4 Bg7 6. Nf3 0-0 7. Bf4 e5 8. dxe6 Bxe6 9. Bxd6 Re8 10. Be2 Nc6 11. 0-0 Nd4 12. e5 Nd7 13. Nxd4 cxd4 14. Qxd4 Nxe5 15. Bxe5 Qxd4 16. Bxd4 Bxd4 17. Rac1 Rac8 18. b3 a6 19. Bf3 b5 20. Bb7 Rc5 21. Ne4 Rc7 22. Bxa6 bxc4 23. Nd6 Ra8 24. Bxc4 Rxa2 25. Nb5 Rd7 26. Nxd4 Rxd4 27. Bxe6 fxe6 28. Rc7 Rdd2 29. g3 Rab2 30. b4 Rd8 31. Rb7 Rf8 32. f4 Rf7 33. Rb6 Rc7 34. Rf2 Rcc2 35. Rxc2 Rxc2 36. Rxe6 Kf7 37. Rb6 Rb2 38. Rb7+ Kf6 39. g4 h5 40. h3 hxg4 41. hxg4 Ke6 42. Rb5 Kf6 43. Rb6+ Kf7 44. g5 Ke7 45. Kf1 Kf7 46. b5 Ke7 47. Rxg6 Rxb5 48. Kf2 Rb3 49. Rf6 Rh3 50. Rf5 Ke6 51. Re5+ Kf7 52. Re3 Rh1 53. Kf3 Rg1 54. Ra3 Kg7 55. Ke4 Rb1 56. Ra6 Rb4+ 57. Kf5 Rb5+ 58. Kg4 Rb4 59. g6 Rb1 60. Kg5 Rg1+ 61. Kf5 Kh6 62. Re6 Rg2 63. Kf6 1-0

[Event "Lone Pine op Louis D. Statham Masters"]
[Site "Lone Pine"]
[Date "1979.04.01"]
[Round "6"]
[White "Diesen, Mark C"]
[Black "Gligoric, Svetozar"]
[Result "0-1"]
[WhiteElo "2460"]
[BlackElo "2560"]
[PlyCount "120"]
[EventDate "1979.03.25"]
[EventType "swiss"]
[EventRounds "9"]
[EventCountry "USA"]
[SourceTitle "EXT 2018"]
[Source "ChessBase"]
[SourceDate "2017.10.13"]
[SourceVersion "1"]
[SourceVersionDate "2017.10.13"]
[SourceQuality "1"]

1. c4 e6 2. Nf3 c5 3. Nc3 Nf6 4. d4 cxd4 5. Nxd4 Bb4 6. g3 0-0 7. Bg2 d5 8. cxd5 Nxd5 9. Bd2 Nxc3 10. bxc3 Be7 11. Rb1 a6 12. 0-0 e5 13. Nc2 Nc6 14. Ne3 Bc5 15. Qc2 f5 16. Qa4 Kh8 17. Qc4 Qd6 18. Qd5 Qe7 19. Qb3 e4 20. Nd5 Qd8 21. Be3 Na5 22. Qd1 Bxe3 23. Nxe3 Be6 24. Qd4 b5 25. Qe5 Qf6 26. Qxf6 Rxf6 27. Rfd1 Nc4 28. Nc2 Nb6 29. f3 Bxa2 30. Rb2 Bg8 31. fxe4 fxe4 32. Rb4 Nd5 33. Rxe4 Nxc3 34. Re7 Raf8 35. Rdd7 Be6 36. Rd6 Nxe2+ 37. Kh1 Bc4 38. Rxf6 gxf6 39. Ra7 Rd8 40. Ne3 Rd3 41. Nxc4 Rd1+ 42. Bf1 bxc4 43. Kg2 c3 44. Bxe2 c2 45. Rc7 c1Q 46. Rxc1 Rxc1 47. Bxa6 Rc2+ 48. Kg1 Kg7 49. Bd3 Rd2 50. Bf5 h6 51. h4 Kf7 52. Kf1 Ke7 53. Bg4 Kd6 54. Bf5 Ke5 55. Bg6 Kd4 56. Be8 Ke3 57. Bh5 f5 58. Kg1 f4 59. gxf4 Kxf4 60. Bg6 Kg3 0-1

[Event "Lone Pine op Louis D. Statham Masters"]
[Site "Lone Pine"]
[Date "1979.03.28"]
[Round "4"]
[White "Chandler, Murray G"]
[Black "Diesen, Mark C"]
[Result "0-1"]
[WhiteElo "2380"]
[BlackElo "2460"]
[PlyCount "112"]
[EventDate "1979.03.25"]
[EventType "swiss"]
[EventRounds "9"]
[EventCountry "USA"]
[SourceTitle "EXT 2018"]
[Source "ChessBase"]
[SourceDate "2017.10.13"]
[SourceVersion "1"]
[SourceVersionDate "2017.10.13"]
[SourceQuality "1"]

1. e4 e5 2. Nf3 Nc6 3. Bb5 f5 4. Nc3 Nd4 5. Bc4 c6 6. d3 Nf6 7. Nxe5 Qe7 8. Nf3 Nxf3+ 9. Qxf3 b5 10. Bb3 b4 11. Na4 fxe4 12. dxe4 Qxe4+ 13. Qxe4+ Nxe4 14. 0-0 d5 15. Re1 Be7 16. f3 Nf6 17. a3 bxa3 18. Rxa3 Kf7 19. Ra1 Be6 20. Re2 c5 21. Bg5 c4 22. Bxc4 dxc4 23. Rae1 Bb4 24. c3 Bd7 25. cxb4 Bxa4 26. Re7+ Kg6 27. Bxf6 gxf6 28. R1e4 h5 29. Rxc4 Rh7 30. Re3 Re8 31. Ra3 Bb5 32. Rc5 a6 33. h4 Re1+ 34. Kh2 Re2 35. f4 Kh6 36. Rc8 Bd7 37. Rg8 Be6 38. Rf8 Kg7 39. Rd8 Rh8 40. Rd6 Bc8 41. f5 Kf7 42. Rg3 Re5 43. Rc3 Bxf5 44. Rxa6 Rb8 45. Ra7+ Re7 46. Ra5 Bg4 47. b5 Re5 48. Rb3 Rb7 49. Kg3 Bd7 50. Rd3 Bxb5 51. Rd2 Re4 52. Rd5 Be2 53. Rd2 Bg4 54. Ra6 Be6 55. Kf3 Rxh4 56. Rdd6 Rb3+ 0-1

[Event "Lone Pine op Louis D. Statham Masters"]
[Site "Lone Pine"]
[Date "1979.03.25"]
[Round "1"]
[White "Diesen, Mark C"]
[Black "Rigo, Janos"]
[Result "1/2-1/2"]
[WhiteElo "2460"]
[BlackElo "2385"]
[PlyCount "55"]
[EventDate "1979.03.25"]
[EventType "swiss"]
[EventRounds "9"]
[EventCountry "USA"]
[SourceTitle "EXT 2018"]
[Source "ChessBase"]
[SourceDate "2017.10.13"]
[SourceVersion "1"]
[SourceVersionDate "2017.10.13"]
[SourceQuality "1"]

1. d4 Nf6 2. c4 e6 3. Nc3 Bb4 4. g3 0-0 5. Bg2 d5 6. Nf3 c5 7. cxd5 cxd4 8. Nxd4 Nxd5 9. Bd2 Nxc3 10. bxc3 Bc5 11. Rb1 e5 12. Nc2 Nc6 13. 0-0 Qa5 14. Nb4 Bxb4 15. cxb4 Qxa2 16. b5 Nd4 17. e3 Rd8 18. exd4 Rxd4 19. Qh5 Rxd2 20. Qxe5 Qe6 21. Qc7 Qd6 22. Rfe1 Kf8 23. Rbc1 Qxc7 24. Rxc7 Rb8 25. Rec1 Bd7 26. Bxb7 Bxb5 27. Ra1 a5 28. Rxa5 1/2-1/2

[Event "Virovitica"]
[Site "Virovitica"]
[Date "1979.??.??"]
[Round "?"]
[White "Kovacevic, Vlatko"]
[Black "Diesen, Mark C"]
[Result "1-0"]
[WhiteElo "2500"]
[BlackElo "2460"]
[PlyCount "79"]
[EventDate "1979.??.??"]
[EventType "tourn"]
[EventRounds "13"]
[EventCountry "CRO"]
[SourceTitle "EXT 2010"]
[Source "ChessBase"]
[SourceDate "2010.11.25"]
[SourceVersion "1"]
[SourceVersionDate "2010.11.25"]
[SourceQuality "1"]

1. d4 Nf6 2. Nf3 e6 3. Bf4 c5 4. e3 Qb6 5. Qc1 Nc6 6. c3 Nh5 7. Bg5 h6 8. Bh4 f5 9. g4 g5 10. gxh5 gxh4 11. Nxh4 Bg7 12. Ng6 Rg8 13. Nd2 d5 14. f4 Bd7 15. Nb3 cxd4 16. exd4 0-0-0 17. Qd2 Be8 18. 0-0-0 Bxg6 19. hxg6 Bf8 20. Rg1 Ne7 21. Be2 Qd6 22. Bh5 Bg7 23. Nc5 Rge8 24. Nd3 Ng8 25. Ne5 Qa6 26. Kb1 Nf6 27. Be2 Qa5 28. Nf7 Rd7 29. Qc2 Kb8 30. Qb3 Rc8 31. Bd3 Qc7 32. Bb5 Qxf4 33. Bxd7 Nxd7 34. Rge1 Nf8 35. Qb4 Qc7 36. Nd6 Rd8 37. Nxf5 a5 38. Qa3 exf5 39. Re7 Rd7 40. Rxg7 1-0